Statistics for Fast Typing -100 To 0

Click here to take the quiz!

General Stats

  • This quiz has been taken 30 times
  • The average score is 90 of 101

Answer Stats

Answer % Correct
-80
95%
-86
95%
-74
95%
-75
95%
-76
95%
-77
95%
-78
95%
-79
95%
-81
95%
-82
95%
-83
95%
-84
95%
-99
95%
-85
95%
-87
95%
-93
95%
-97
95%
-96
95%
-95
95%
-88
95%
-94
95%
-92
95%
-91
95%
-90
95%
-89
95%
-55
91%
-56
91%
-54
91%
-53
91%
-52
91%
-51
91%
-100
91%
-49
91%
-48
91%
-40
91%
-39
91%
-38
91%
-37
91%
-58
91%
-36
91%
-57
91%
-50
91%
-59
91%
-68
91%
-71
91%
-70
91%
-98
91%
-60
91%
-73
91%
-69
91%
-67
91%
-66
91%
-65
91%
-64
91%
-63
91%
-62
91%
-61
91%
-72
91%
-26
86%
-25
86%
-24
86%
-23
86%
-22
86%
-8
86%
-21
86%
-11
86%
-9
86%
-7
86%
-6
86%
-5
86%
-27
86%
-29
86%
-28
86%
-30
86%
-31
86%
-32
86%
-33
86%
-34
86%
-35
86%
-41
86%
-42
86%
-43
86%
-47
86%
-46
86%
-45
86%
-44
86%
-1
82%
-4
82%
-10
82%
-14
82%
-12
82%
-13
82%
-15
82%
-16
82%
-17
82%
-18
82%
-19
82%
-20
82%
0
82%
-3
77%
-2
77%

Score Distribution

Percentile by Number Answered

Percent of People with Each Score

Your Score History

You have not taken this quiz